[Event "8th Novi Sad it"]
[Site "Novi Sad"]
[Date "1979.10.29"]
[EventDate "1979.10.13"]
[Round "13.3"]
[White "Kurajica, Bojan"]
[Black "Deze, Anton"]
[Result "1/2-1/2"]
[WhiteElo "2515"]
[BlackElo "2415"]
[PlyCount "35"]
[Source "Perpetual Check"]

1. e4 c5 2. c3 Nf6 3. e5 Nd5 4. d4 cxd4 5. Qxd4 e6 6. Nf3 Nc6 7. Qe4 b6 8. Bd3
Qc7 9. O-O Bb7 10. Re1 f5 11. Qe2 Nde7 12. h4 g6 13. Na3 a6 14. Nc2 Bg7 15. b3
Nd8 16. c4 Nf7 17. Ncd4 Nc6 18. Bb2 1/2-1/2

[Event "8th Novi Sad it"]
[Site "Novi Sad"]
[Date "1979.10.29"]
[EventDate "1979.10.13"]
[Round "13.4"]
[White "Gligoric, Svetozar"]
[Black "Popovic, Petar"]
[Result "1-0"]
[WhiteElo "2560"]
[BlackElo "2410"]
[PlyCount "85"]
[Source "Perpetual Check"]

1. d4 Nf6 2. c4 g6 3. Nc3 d5 4. Nf3 Bg7 5. cxd5 Nxd5 6. e4 Nxc3 7. bxc3 c5 8.
Be3 O-O 9. Be2 b6 10. O-O Bb7 11. Qd3 cxd4 12. cxd4 e6 13. Rad1 Nc6 14. Bg5 Qd6
15. Qe3 Rfe8 16. h4 Rac8 17. h5 Nb4 18. Bb5 Bc6 19. Bf4 Qe7 20. Bxc6 Nxc6 21.
hxg6 hxg6 22. Bh6 Bxh6 23. Qxh6 Qf8 24. Qh4 Qg7 25. Rfe1 Nb4 26. d5 exd5 27.
exd5 Rxe1+ 28. Nxe1 Nxa2 29. d6 g5 30. d7 Rd8 31. Qc4 Nc3 32. Rc1 Qd4 33. Rxc3
Qxc4 34. Rxc4 Rxd7 35. Kf1 f6 36. Ke2 Kf7 37. Rc6 Kg6 38. Nc2 g4 39. Ne3 Rd4
40. g3 Kg5 41. Rc7 Ra4 42. Rg7+ Kh5 43. Nd5 1-0

[Event "8th Novi Sad it"]
[Site "Novi Sad"]
[Date "1979.10.29"]
[EventDate "1979.10.13"]
[Round "13.6"]
[White "Rajkovic, Dusan"]
[Black "Buljovcic, Ivan"]
[Result "1/2-1/2"]
[WhiteElo "2460"]
[BlackElo "2430"]
[PlyCount "22"]
[Source "Perpetual Check"]

1. d4 d5 2. c4 dxc4 3. Nf3 Nf6 4. e3 Bg4 5. Bxc4 e6 6. O-O Bd6 7. h3 Bh5 8. Nc3
Nbd7 9. Be2 O-O 10. b3 a6 11. Bb2 Qe7 1/2-1/2